000 00293nam a22001337a 4500
008 180109b xxu||||| |||| 00| 0 eng d
020 _a924032
041 _aeng
080 _a610
100 _a4
101 _aSHM
245 _aManual of Medical Therpeutics
_cFreitag, J.J
942 _2udc
_cBK
999 _c39951
_d39951